| 000 | 00484nam a2200193Ia 4500 | ||
|---|---|---|---|
| 005 | 20240823060926.0 | ||
| 008 | 240823s9999||||xx |||||||||||||| ||und|| | ||
| 041 | _aENGLISH | ||
| 082 | _A658.4 Q8 | ||
| 100 | _aSingh B P | ||
| 245 | 0 | _aOrganisational Theory and Behaviour | |
| 250 | _a6th | ||
| 260 |
_c2018 _bDhanpat Rai & _aDelhi |
||
| 500 | _aTRANSFERED | ||
| 650 |
_aOrganizational Behavior _bManagement Studies |
||
| 700 | _aChhabra T N | ||
| 942 | _cBK | ||
| 999 |
_c232295 _d232295 |
||